000 00663nam a2200241Ia 4500
003 OSt
005 20220918203617.0
006 a|||||r|||| 00| 0
007 ta
008 220917b |||||||| |||| 00| 0 eng d
024 _a109,168
037 _cTextual
040 _aARTS
_cARTS
_beng
041 _2eng
_aeng
082 _aV44Q71.N7, L1
100 _aMoraes Dom
_91987
245 0 _aTempest within
_b account of East Pakistan
260 _aDelhi
_bVikas Publishing House
_c1971
300 _ax, 103p.
_ccm.
650 _aBANGLA DESH - HISTORY
_914761
942 _hV44Q71.N7, L1
_cTEXL
_2CC
999 _c232522
_d232522